000
00298nam a2200133Ia 4500
005
20251222140106.0
008
251222s1900||||xx |||||||||||||| ||spa||
082
_a
922.21/P16/Ej.3
100
_a
Paganuzzi, Quirino
245
0
_a
Pro Papa Pio
250
_a
2a.ed.
264
_b
Omicron
942
_c
LIB
999
_c
4110
_d
4110